| 000 | 00666nam a22001937a 4500 | ||
|---|---|---|---|
| 003 | OSt | ||
| 005 | 20190222051315.0 | ||
| 008 | 180319b xxu||||| |||| 00| 0 spa d | ||
| 040 | _cPJ | ||
| 100 |
_9257 _aBachofen, Johann Jakob |
||
| 245 | 1 | 3 |
_aEl derecho natural y el derecho histórico / _cJohann Jakob Bachofen, introducción y versión del alemán de Felipe González Vicen. |
| 260 |
_aMadrid : _bCentro de Estudios Constitucionales, _c1978. |
||
| 300 | _a72 p. | ||
| 490 | _aCivitas | ||
| 650 |
_aFILOSOFIA DEL DERECHO _9177 |
||
| 650 | 0 |
_aDERECHO NATURAL _9256 |
|
| 700 |
_9258 _aGonzález Vicen, Felipe _etraductor |
||
| 942 |
_2udc _cLIB _h340.12 _iBAC |
||
| 999 |
_c228 _d228 |
||